• 首页
  • 本馆介绍
  • 公告通知
  • 最新文献
  • 馆藏检索
  • 电子资源
  • 读者导购
  • 参考咨询
  • 我的图书馆
  • 登录
  • 详细信息显示
  • 放入我的书架
  • 预约/预借图书
  • 作者相关作品
  • 分类相关作品
  • 丛书相关作品
  • 出版社相关作品

书目信息

  • 表格格式
  • 工作单格式
  • 卡片格式
题名:
朱高正讲康德
    
 
作者: 朱高正 著
分册:  
出版信息: 北京   北京大学出版社  2005
页数: 181页
开本: 21cm
丛书名: 未名讲坛
单 册:
中图分类: B516.31
科图分类:
主题词: 哲学思想
电子资源:
ISBN: 7-301-09361-6
000 01015oam2 2200277 450
001 012007003109
005 20070522164403.71
010    @a7-301-09361-6@dCNY18.00
100    @a20070515d2005 km y0chiy0120 ea
101 0  @achi
102    @aCN@b110000
105    @aa z 000yy
106    @ar
200 1  @a朱高正讲康德@Azhu gao zheng jiang kang de@f朱高正著@Fzhu gao zheng zhu
210    @a北京@c北京大学出版社@d2005
215    @a181页@c图@d21cm
225 2  @a未名讲坛@h第一辑
330    @a本书共分为四讲,包括:康德批判哲学的启蒙意义、康德的实践哲学、康德的自然法学和康德的国家哲学。此外,在附录中收入了何兆武先生为本书所写的跋—《批判的哲学与哲学的批判》,简要地回顾了近百年来康德研究在中国的发展。
461  0 @12001 @a未名讲坛
600  1 @a康德@c(Kant,Immanuel@f1724~1804)@x哲学思想@x思想评论
600  1 @a康德@c(Kant,Immanuel@f1724~1804)
606 0  @a哲学思想
690    @aB516.31@v4
701  0 @a朱高正@Azhu gao zheng@f(1954~)@4著
801  0 @aCN@bRULIN@c20070522
905    @dB516.31@e124@s8
    
    朱高正讲康德/朱高正著.-北京:北京大学出版社,2005
    181页:图;21cm.-(未名讲坛.第一辑)
    
    
    ISBN 7-301-09361-6:CNY18.00
    本书共分为四讲,包括:康德批判哲学的启蒙意义、康德的实践哲学、康德的自然法学和康德的国家哲学。此外,在附录中收入了何兆武先生为本书所写的跋—《批判的哲学与哲学的批判》,简要地回顾了近百年来康德研究在中国的发展。
●
相关链接 在E读中查询图书 在五车中查询图书 在当当中查询图书 在豆瓣中查询图书


正题名:朱高正讲康德     索取号:B516.31/124         预约/预借

序号 登录号 条形码 馆藏地/架位号 状态 备注
1 0579165   205791650   第一样本阅览室/ [索取号:B516.31/124] 在馆    
2 0579166   205791669   第一借阅区/ [索取号:B516.31/124] 在馆    
3 0579167   205791678   教育系资料室/ [索取号:B516.31/124] 在馆    
4 0579168   205791687   第一借阅区/ [索取号:B516.31/124] 在馆    
5 0579169   205791696   教育系资料室/ [索取号:B516.31/124] 在馆    
6 0579170   205791703   第一借阅区/ [索取号:B516.31/124] 在馆    
7 0579171   205791712   教育系资料室/ [索取号:B516.31/124] 在馆    
8 0579172   205791721   第一借阅区/ [索取号:B516.31/124] 在馆    
唐山师范学院图书馆 欢迎您!
大连网信软件有限公司© 版权所有